| 000 | 01158nam a22002898a 4500 | ||
|---|---|---|---|
| 005 | 20090619145538.0 | ||
| 008 | 090414s2009 ii b 001 0 eng | ||
| 010 | _aENG-94131 | ||
| 020 |
_a9788178299426 _c795.00 |
||
| 035 | _aEN-77664 | ||
| 037 | _bDBAD / PUB | ||
| 040 |
_adpl _bEnglish |
||
| 082 | _a333.30820954 | ||
| 245 |
_aGender discrimination in land ownership / _cedited by Prem Chowdhry |
||
| 260 |
_aNew Delhi _bSage Publications _c2009 |
||
| 270 |
_aB-1/I-1 Mohan Cooprative Industrial Area, Mathura Road, _bNew Delhi _e110044 |
||
| 300 |
_axxxv, 314p. _c23cm (Hb) |
||
| 490 | _aLand reforms in India ; v. 11 | ||
| 500 | _aIncludes bibliographical references and index | ||
| 650 |
_aLand tenure _zIndia. |
||
| 650 |
_aWomen landowners _zIndia. |
||
| 650 |
_aSex discrimination against women _zIndia. |
||
| 650 |
_aLand tenure _xLaw and legislation _zIndia. |
||
| 700 | _aChowdhry, Prem | ||
| 942 |
_2ddc _cEN _h333.30820954 _mGEN |
||
| 999 |
_c27651 _d27651 |
||